书目信息 |
| 题名: |
赛车知识大百科
|
|
| 作者: | 曾壮 编 | |
| 分册: | ||
| 出版信息: | 北京 国防工业出版社 2005 |
|
| 页数: | 264页 | |
| 开本: | 20cm | |
| 丛书名: | ||
| 单 册: | ||
| 中图分类: | G872.1 | |
| 科图分类: | ||
| 主题词: | 赛车--汽车运动--基本知识 | |
| 电子资源: | ||
| ISBN: | 7-118-03846-6 | |
| 000 | 00653nam0 2200217 450 | |
| 001 | 0136948578 | |
| 005 | 20050922113459.70 | |
| 010 | @a7-118-03846-6@dCNY18.00 | |
| 100 | @a20050503d2005 km y0chiy0120 ea | |
| 101 | 0 | @achi |
| 102 | @aCN@b110000 | |
| 105 | @aa z 000yy | |
| 200 | 1 | @a赛车知识大百科@Asai che zhi shi da bai ke@f曾壮编@Fceng zhuang bian |
| 210 | @a北京@c国防工业出版社@d2005 | |
| 215 | @a264页@c图@d20cm | |
| 330 | @a本书介绍F1赛车知识、历史、车辆技术规则、比赛规则等。 | |
| 606 | 0 | @a赛车@x汽车运动@x基本知识 |
| 690 | @aG872.1@v4 | |
| 701 | 0 | @a曾壮@Aceng zhuang@4编 |
| 801 | 0 | @aCN@bQSSK@c20050922 |
| 905 | @a10447@dG872.1@eZ030 | |
| 赛车知识大百科/曾壮编.-北京:国防工业出版社,2005 |
| 264页:图;20cm |
| ISBN 7-118-03846-6:CNY18.00 |
| 本书介绍F1赛车知识、历史、车辆技术规则、比赛规则等。 |
| ● |
| 相关链接 |
|
|
|
正题名:赛车知识大百科
索取号:G872.1/Z030
 
预约/预借
| 序号 | 登录号 | 条形码 | 馆藏地/架位号 | 状态 | 备注 |
| 1 | 525581 | 205255819 | 社科库409/409社科库 26排4列4层/ [索取号:G872.1/Z030] | 在馆 | |
| 2 | 525582 | 205255828 | 社科库409/409社科库 26排4列4层/ [索取号:G872.1/Z030] | 在馆 | |
| 3 | 525583 | 205255837 | 社科库409/409社科库 26排4列4层/ [索取号:G872.1/Z030] | 在馆 |